000 00998nam a2200265Ia 4500
003 OSt
005 20221002043550.0
006 a|||||r|||| 00| 0
007 ta
008 220930b |||||||| |||| 00| 0 mal d
020 _a8126014180 (pbk)
_c250
024 _a92068
037 _b524, 19/03/2009, Vani Prakashan
_cReference Collections
040 _aCRL
_cCRL
_bmal
041 _2mal
_amal
082 _aO32,1N30x, 152P2(RR)
100 _aसक्सेना, रति
245 0 _aबालामणियम्मा
_b काव्य कला एंव दर्शन
246 _aTranslate from malyalam to hindi
260 _aनई
_bदिल्ली साहित्य अकादेमी
_c2002
300 _a127पृ0
_ccm.
650 _aमलयालम साहित्य
942 _hO32,1N30x, 152P2(RR)
_cref
_2CC
999 _c908457
_d908457